00617cam a2200217ua 4500001000500000005001700005008003900022020001800061040000900079041000800088082000900096100002400105245005800129250000900187260002900196300001400225653002000239942000700259999001500266952011800281909820260515114427.0150221n xxk |||gr||||Z||||||eng a9780141182667 cMAIN aeng a823N aJoyce, J.,eAuthor.1 aPortrait of the artist as a young mancBY James Joyce a1st. aLondon:bPenguin,c2000. axlv,320p. aEnglish fiction cBK c8175d8175 00104070aMAINbMAINcGENd2020-09-19l1o823N | JOYp21716r2025-03-29 05:45:11s2025-03-18t1w2020-09-19yBK